| 000 | 01007nas a2200337 4500 | ||
|---|---|---|---|
| 001 | BR0504989 | ||
| 003 | BR-BrBNA | ||
| 005 | 20231205105645.0 | ||
| 007 | ta | ||
| 008 | 230509b bl.|||p| |||| 00| 00por d | ||
| 040 |
_aBR-BrBNA _bpor _cBiblioteca Nacional de Agricultura |
||
| 041 | _a(Pt) | ||
| 072 | _aQ05; Q04 | ||
| 100 | 1 | _aFerreira, A.L. de R. | |
| 100 | 1 | _aLima, R. de F. | |
| 100 | 1 | _aCarvalho, K. de M. | |
| 100 | 1 | _aFonteles, M.C. | |
| 100 | 1 | _aSampaio, H.A. de C. | |
| 245 | 1 | _aA adição de vitamina C em solução de perfusão renal, na otimização de estudos de metabolismo do aspartame | |
| 650 | _aADOÇANTE ARTIFICIAL | ||
| 650 | _aASPARTAME | ||
| 650 | _aADITIVO | ||
| 650 | _aVITAMINA C | ||
| 650 | _aMETABOLISMO | ||
| 650 | _aRIM | ||
| 650 | _aCOMPOSIÇÃO QUÍMICA | ||
| 650 | _aCEARÁ | ||
| 773 | 0 |
_tHigiene Alimentar (Brazil) _xISSN 0101-9171 _g(Aug 2005), v. 19(134) p. 40-45 _wBR0504989 |
|
| 909 |
_a202311 _bLúcia _c55 _dLúcia Elande |
||
| 942 |
_2AGRIS _n0 _cANA |
||
| 999 |
_c183999 _d183999 |
||